00234nam a2200097Ia 4500008004100000082001600041100001800057245003200075260002200107365000700129230302s9999 xx 000 0 und d a004.4038AIT aAitken (Iain) aValue Driven IT Management  aN.Y.b ELSEVIER  cRS